000 00295nam a22001217a 4500
020 _a8187118032
082 _a631.584
_bGAU/HA
100 _aGaur,A.C
_9470
245 _aHandbook of Organic Farming and Biofertilizers
260 _aJaipur
_bAmbica Book Agency
_c2011
300 _a667
942 _cBK
999 _c14332
_d14332